000
00336nam a2200145Ia 4500
008
150201s2009 xx 000 0 und d
082
_a
611
_b
H09S
100
_a
SINGH, INDERBIR
245
_a
HUMAN EMBRYOLOGY
250
_a
8TH
260
_b
MACMILLAN
_a
CHENNAI
_c
2009
300
_a
1-361
650
_a
HUMAN ANATOMY
942
_2
ddc
_c
BK
_0
33
999
_c
323
_d
323